[Event "Berze Memorial 7th"]
[Site "Godollo"]
[Date "1996.??.??"]
[Round "?"]
[White "Tardy, Andras"]
[Black "Nandori, Janos"]
[Result "1-0"]
[WhiteElo "1895"]
[BlackElo "1635"]
[PlyCount "45"]
[EventDate "1996.??.??"]
[EventType "swiss"]
[EventRounds "9"]
[EventCountry "HUN"]
[SourceTitle "EXT 2004"]
[Source "ChessBase"]
[SourceDate "2003.11.25"]
[SourceVersion "1"]
[SourceVersionDate "2003.11.25"]
[SourceQuality "1"]

1. d4 d5 2. h3 Nc6 3. c3 Bf5 4. e3 Nf6 5. f3 e5 6. Ne2 Bd6 7. Ng3 Bxb1 8. Rxb1 e4 9. Ne2 Nh5 10. f4 Qh4+ 11. Kd2 Na5 12. b3 c5 13. Qe1 Qd8 14. Ng3 cxd4 15. exd4 Bxf4+ 16. Kc2 Qc7 17. Nf5 0-0 18. Ba3 Rfe8 19. Rg1 Qd7 20. Qf2 Bc7 21. Qe3 Nf6 22. Qg5 g6 23. g4 1-0